States by Jewish Population - Statistics

General Stats
  • This quiz has been taken 155 times
  • The average score is 9 of 10
Answer Stats
Hint Answer % Correct
1,785,727 (9.1%) New York
100%
1,234,540 (3%) California
98%
672,465 (3%) Florida
95%
626,220 (6.1%) New Jersey
92%
175,655 (0.6%) Texas
89%
301,880 (4.3%) Massachusetts
86%
434,165 (2.3%) Pennsylvania
85%
325,160 (2.3%) Illinois
83%
240,100 (3.9%) Maryland
77%
151,640 (1.3%) Ohio
77%
No matching quizzes found
Score Distribution
Percent of People with Each Score
Percentile by Number Answered
Your Score History
You have not taken this quiz